000 00719nam a2200217 i 4500
001 21268
003 ES-MaACL
005 20230906152440.0
007 t|
008 021122s1972 sp ||||1| spa d
100 1 _aAdamov, Arthur.
_918377
245 1 0 _aYo_ ellos /
_cArthur Adamov ; [traducción, Luis Vadillo].
260 _aMadrid :
_bCuadernos para el Diálogo,
_c1972.
300 _a222 p. ;
_c19 cm.
490 1 _aEdiciones de bolsillo ;
_v196. Literatura-ensayo-memorias ;
_v2
700 1 _aVadillo, Luis.
_9112388
710 2 _aCuadernos para el Diálogo.
_93333
830 1 _aEdiciones de bolsillo ;
_v196. Literatura-ensayo-memorias ;
_v2
_9180756
852 _aES-MaACL
_jC-43620
999 _c21268
_d21268